|
|
|
|
| LEADER |
00000nam0a2200000 4500 |
| 001 |
130929 |
| 005 |
20250825094756.0 |
| 010 |
|
|
|a 5311005688
|
| 035 |
|
|
|a (RuTPU)RU\TPU\book\141802
|
| 090 |
|
|
|a 130929
|
| 100 |
|
|
|a 20080211d1990 km y0rusy50 ca
|
| 101 |
0 |
|
|a rus
|
| 102 |
|
|
|a UA
|
| 105 |
|
|
|a a z 001zy
|
| 200 |
1 |
|
|a С водой нужно дружить
|f Ю. М. Померанцев
|
| 210 |
|
|
|a Киев
|c Здоровья
|d 1990
|
| 215 |
|
|
|a 152 с.
|c ил.
|
| 333 |
|
|
|a Исключено из фонда НТБ ТПУ
|
| 610 |
1 |
|
|a вода
|
| 610 |
1 |
|
|a человек
|
| 610 |
1 |
|
|a здоровье
|
| 610 |
1 |
|
|a плавание
|
| 610 |
1 |
|
|a самоконтроль
|
| 610 |
1 |
|
|a правила безопасности
|
| 610 |
1 |
|
|a вредные привычки
|
| 675 |
|
|
|a 797
|v 3
|
| 700 |
|
1 |
|a Померанцев
|b Ю. М.
|g Юрий Михайлович
|
| 801 |
|
1 |
|a RU
|b 63413507
|c 20080211
|g PSBO
|
| 942 |
|
|
|c BK
|